<?xml version="1.0" encoding="UTF-8"?>
<record
    xmlns:xsi="http://www.w3.org/2001/XMLSchema-instance"
    xsi:schemaLocation="http://www.loc.gov/MARC21/slim http://www.loc.gov/standards/marcxml/schema/MARC21slim.xsd"
    xmlns="http://www.loc.gov/MARC21/slim">

  <leader>03964aam a2200385 i 4500</leader>
  <controlfield tag="001">015284444</controlfield>
  <controlfield tag="003">EG-ScBUE</controlfield>
  <controlfield tag="005">20251126102906.0</controlfield>
  <controlfield tag="008">080319s2009    nyua   f b    001 0 eng d</controlfield>
  <datafield tag="020" ind1=" " ind2=" ">
    <subfield code="a">9780805864502 (pbk.)</subfield>
  </datafield>
  <datafield tag="020" ind1=" " ind2=" ">
    <subfield code="a">0805864504 (pbk.)</subfield>
  </datafield>
  <datafield tag="035" ind1=" " ind2=" ">
    <subfield code="a">(OCoLC)ocn214322754</subfield>
  </datafield>
  <datafield tag="040" ind1=" " ind2=" ">
    <subfield code="a">DLC</subfield>
    <subfield code="b">eng</subfield>
    <subfield code="e">rda</subfield>
    <subfield code="c">DLC</subfield>
    <subfield code="d">BAKER</subfield>
    <subfield code="d">YDXCP</subfield>
    <subfield code="d">BTCTA</subfield>
    <subfield code="d">C#P</subfield>
    <subfield code="d">CDX</subfield>
    <subfield code="d">BWX</subfield>
    <subfield code="d">SUC</subfield>
    <subfield code="d">IOJ</subfield>
    <subfield code="d">NLGGC</subfield>
    <subfield code="d">UPM</subfield>
    <subfield code="d">DLC</subfield>
    <subfield code="d">Uk</subfield>
    <subfield code="d">EG-ScBUE</subfield>
  </datafield>
  <datafield tag="043" ind1=" " ind2=" ">
    <subfield code="a">n-us---</subfield>
  </datafield>
  <datafield tag="082" ind1="0" ind2="4">
    <subfield code="a">302.23</subfield>
    <subfield code="2">22</subfield>
    <subfield code="b">MED</subfield>
  </datafield>
  <datafield tag="245" ind1="0" ind2="0">
    <subfield code="a">Media effects :</subfield>
    <subfield code="b">advances in theory and research /</subfield>
    <subfield code="c">edited by Jennings Bryant and Mary Beth Oliver.</subfield>
  </datafield>
  <datafield tag="250" ind1=" " ind2=" ">
    <subfield code="a">Third edition.</subfield>
  </datafield>
  <datafield tag="264" ind1=" " ind2="1">
    <subfield code="a">New York ;</subfield>
    <subfield code="a">London :</subfield>
    <subfield code="b">Routledge,</subfield>
    <subfield code="c">2009.</subfield>
  </datafield>
  <datafield tag="300" ind1=" " ind2=" ">
    <subfield code="a">xv, 640 pages :</subfield>
    <subfield code="b">illustrations ;</subfield>
    <subfield code="c">27 cm.</subfield>
  </datafield>
  <datafield tag="336" ind1=" " ind2=" ">
    <subfield code="a">text</subfield>
    <subfield code="2">rdacontent</subfield>
    <subfield code="b">txt</subfield>
  </datafield>
  <datafield tag="337" ind1=" " ind2=" ">
    <subfield code="a">unmediated</subfield>
    <subfield code="2">rdamedia</subfield>
    <subfield code="b">n</subfield>
  </datafield>
  <datafield tag="338" ind1=" " ind2=" ">
    <subfield code="a">volume</subfield>
    <subfield code="2">rdacarrier</subfield>
    <subfield code="b">nc</subfield>
  </datafield>
  <datafield tag="490" ind1="0" ind2=" ">
    <subfield code="a">Communication series. Communication theory and methodology</subfield>
  </datafield>
  <datafield tag="504" ind1=" " ind2=" ">
    <subfield code="a">Includes bibliographical references and indexes.</subfield>
  </datafield>
  <datafield tag="505" ind1="0" ind2="0">
    <subfield code="t">How the news shapes our civic agenda /</subfield>
    <subfield code="r">Maxwell McCombs, Amy Reynolds --</subfield>
    <subfield code="t">News framing theory and research /</subfield>
    <subfield code="r">David Tewksbury, Dietram A. Scheufele --</subfield>
    <subfield code="t">Growing up with television : cultivation processes /</subfield>
    <subfield code="r">Michael Morgan, James Shanahan, Nancy Signorielli --</subfield>
    <subfield code="t">Media consumption and perceptions of social reality : effects and underlying processes /</subfield>
    <subfield code="r">L. J. Shrum --</subfield>
    <subfield code="t">Media priming : an updated synthesis /</subfield>
    <subfield code="r">David R. Roskos-Ewoldsen, Beverly Roskos-Ewoldsen, Francesca Dillman Carpentier --</subfield>
    <subfield code="t">Social cognitive theory of mass communication /</subfield>
    <subfield code="r">Albert Bandura --</subfield>
    <subfield code="t">Mass media attitude change : implications of the elaboration likelihood model of persuasion /</subfield>
    <subfield code="r">Richard E. Petty, Pablo Bri&#xF1;ol, Joseph R. Priester --</subfield>
    <subfield code="t">Uses-and-gratifications perspective on media effects /</subfield>
    <subfield code="r">Alan M. Rubin --</subfield>
    <subfield code="t">Where psychophysiology meets the media : taking the effects out of mass media research /</subfield>
    <subfield code="r">Annie Lang, Robert F. Potter, Paul Bolls --</subfield>
    <subfield code="t">Media and civic participation : on understanding and misunderstanding communication effects /</subfield>
    <subfield code="r">Dhavan V. Shah, Hernando Rojas, Jaeho Cho --</subfield>
    <subfield code="t">Political communication effects /</subfield>
    <subfield code="r">Douglas M. McLeod, Gerald M. Kosicki, Jack M. McLeod --</subfield>
    <subfield code="t">Mass media, social perception, and the third-person effect /</subfield>
    <subfield code="r">Richard M. Perloff --</subfield>
    <subfield code="t">Media violence /</subfield>
    <subfield code="r">Glenn G. Sparks, Cheri W. Sparks, Erin A. Sparks --</subfield>
    <subfield code="t">Fright reactions to mass media /</subfield>
    <subfield code="r">Joanne Cantor --</subfield>
    <subfield code="t">Effects of sex in the media /</subfield>
    <subfield code="r">Richard Jackson Harris, Christopher P. Barlett --</subfield>
    <subfield code="t">Effects of racial and ethnic stereotyping /</subfield>
    <subfield code="r">Dana Mastro --</subfield>
    <subfield code="t">Content patterns and effects surrounding sex-role stereotyping on television and film /</subfield>
    <subfield code="r">Stacy L. Smith, Amy D. Granados --</subfield>
    <subfield code="t">The effects of media on marketing communications /</subfield>
    <subfield code="r">David W. Stewart, Paul A. Pavlou --</subfield>
    <subfield code="t">Educational television and interactive media for children : effects on academic knowledge, skills, and attitudes /</subfield>
    <subfield code="r">Shalom M. Fisch --</subfield>
    <subfield code="t">Public communication campaigns : theoretical principles and practical applications /</subfield>
    <subfield code="r">Ronald E. Rice, Charles K. Atkin --</subfield>
    <subfield code="t">Effects of media on personal and public health /</subfield>
    <subfield code="r">Kim Walsh-Childers, Jane D. Brown --</subfield>
    <subfield code="t">Effects of media on eating disorders and body image /</subfield>
    <subfield code="r">Michael P. Levine, Kristen Harrison --</subfield>
    <subfield code="t">Individual differences in media effects /</subfield>
    <subfield code="r">Mary Beth Oliver, K. Maja Krakowiak --</subfield>
    <subfield code="t">Entertainment and enjoyment as media effects /</subfield>
    <subfield code="r">Peter Vorderer, Tilo Hartmann --</subfield>
    <subfield code="t">Effects of computer/video games and beyond /</subfield>
    <subfield code="r">Kwan Min Lee, Wei Peng, Namkee Park --</subfield>
    <subfield code="t">Effects of the Internet /</subfield>
    <subfield code="r">Carolyn A. Lin --</subfield>
    <subfield code="t">Effects of mobile communication /</subfield>
    <subfield code="r">Scott W. Campbell, Rich Ling.</subfield>
  </datafield>
  <datafield tag="650" ind1=" " ind2="7">
    <subfield code="a">Mass media</subfield>
    <subfield code="z">United States</subfield>
    <subfield code="x">Psychological aspects.</subfield>
    <subfield code="2">BUEsh</subfield>
  </datafield>
  <datafield tag="650" ind1=" " ind2="7">
    <subfield code="a">Mass media</subfield>
    <subfield code="x">Social aspects</subfield>
    <subfield code="z">United States.</subfield>
    <subfield code="2">BUEsh</subfield>
  </datafield>
  <datafield tag="650" ind1=" " ind2="7">
    <subfield code="a">Mass media</subfield>
    <subfield code="x">Political aspects</subfield>
    <subfield code="z">United States.</subfield>
    <subfield code="2">BUEsh</subfield>
  </datafield>
  <datafield tag="650" ind1=" " ind2="7">
    <subfield code="a">Mass media</subfield>
    <subfield code="z">United States</subfield>
    <subfield code="x">Influence.</subfield>
    <subfield code="2">BUEsh</subfield>
  </datafield>
  <datafield tag="655" ind1=" " ind2=" ">
    <subfield code="v">Reading book</subfield>
  </datafield>
  <datafield tag="700" ind1="1" ind2=" ">
    <subfield code="a">Bryant, Jennings,</subfield>
    <subfield code="e">editor.</subfield>
  </datafield>
  <datafield tag="700" ind1="1" ind2=" ">
    <subfield code="a">Oliver, Mary Beth,</subfield>
    <subfield code="e">editor.</subfield>
  </datafield>
  <datafield tag="942" ind1=" " ind2=" ">
    <subfield code="2">ddc</subfield>
    <subfield code="c">BB</subfield>
  </datafield>
  <datafield tag="999" ind1=" " ind2=" ">
    <subfield code="c">31019</subfield>
    <subfield code="d">30990</subfield>
  </datafield>
  <datafield tag="952" ind1=" " ind2=" ">
    <subfield code="0">0</subfield>
    <subfield code="1">0</subfield>
    <subfield code="2">ddc</subfield>
    <subfield code="4">0</subfield>
    <subfield code="7">0</subfield>
    <subfield code="8">Donation-G</subfield>
    <subfield code="a">MAIN</subfield>
    <subfield code="b">MAIN</subfield>
    <subfield code="c">1ST</subfield>
    <subfield code="d">2025-11-26</subfield>
    <subfield code="e">Donation</subfield>
    <subfield code="l">0</subfield>
    <subfield code="o">302.23 MED</subfield>
    <subfield code="p">000057413</subfield>
    <subfield code="r">2025-11-26 00:00:00</subfield>
    <subfield code="w">2025-11-26</subfield>
    <subfield code="y">BB</subfield>
  </datafield>
</record>
